000 00313nam a22001217a 4500
999 _c524420
_d524420
008 231114b ||||| |||| 00| 0 eng d
100 _aSaratchandran, U.
_952272
245 _aOdisha revisited
260 _aIIPA Digest
300 _a5(2), Apr-Jun, 2023: p.28-33
773 _aIIPA Digest
942 _cAR